01302nam a2200241Ia 4500001001100000003001000011008004100021040002500062041001300087100003100100245006100131250001100192260006100203300002700264500020700291501011400498520020700612650002300819942000700842957000600849999004300855952016200898L248-14890IT-CnALBA170116s9999||||xx |||||||||||||| ||und|| aIT-CnALBAcIT-CnALBA aITALIANO aALBRECHT P. GIUSTINO, OSB. 0aL'UOMO-DIO, SECONDO LA DOTTRINA DI S. TOMMASO D'AQUINO.  a1a ed. a TO BO CT PAbSOCIETÀ ED. INTER. c1941 [1° Ed.:1941] a182 p. (prefazione: 5) aTEOLOGIA ED ASCETICA DELL'INCARNAZIONE. TRADUZIONE DAL TEDESCO DELLE MONACHE CLARISSE DEL MONASTERO DI FIESOLE. PERSONA DELL'UOMO DIO. CAPO. POTENZA. CORPO. MERITO. PREGHIERA. SACERDOTE. FIGLIO DI DIO.  aSocietà San Paolo EM - Piazza San Paolo, 14 - 12051 ALBA (CN) (non commercial uses only) ® Copyright 2017 aTEOLOGIA ED ASCETICA DELL'INCARNAZIONE. TRADUZIONE DAL TEDESCO DELLE MONACHE CLARISSE DEL MONASTERO DI FIESOLE. PERSONA DELL'UOMO DIO. CAPO. POTENZA. CORPO. MERITO. PREGHIERA. SACERDOTE. FIGLIO DI DIO.  aASCETICA E MISTICA cBK 71 a19640bSI g Copie: 1 c274061d274061 0010406L_2481489071aALBAbALBAd2017-01-16l0oL248-14890r2017-01-16 00:00:00w2017-01-16yBKz(data import: 16 gennaio 2017) - By Epidotti, Vaglietti.